00417nam a2200157Ia 45000010006000000050017000060080041000230410008000640820017000721000038000892450079001272600009002063000028002156500008002436540008002512515920260414151131.0260414t2006||||xx |||||||||||||| ||spa|| aESP a346.241bN28 aNavas Navarro, Susana [Dir.]eAUT 0aMatrimonio homosexual y adopción :bperspectiva nacional e internacional c2006 a334 páginas :c24 cm. aDER aCDE